| 000 | 01678cam a2200445 i 4500 | ||
|---|---|---|---|
| 999 |
_c21772 _d21772 |
||
| 001 | 17671505 | ||
| 003 | OSt | ||
| 005 | 20200611145636.0 | ||
| 007 | ta | ||
| 008 | 110917s2011 ii b 101 0 eng d | ||
| 010 | _a 2013316196 | ||
| 016 | 7 |
_a015958422 _2Uk |
|
| 020 | _a9789380607146 | ||
| 020 | _a9380607148 | ||
| 025 | _aI-E-2013-316196; 19-92 | ||
| 035 | _a(OCoLC)ocn756820863 | ||
| 035 | _a(OCoLC)756820863 | ||
| 037 | _aLibrary of Congress -- New Delhi Overseas Office | ||
| 040 |
_aDKAGE _beng _coclc _dUKMGB _dOCLCO _dBTCTA _dDLC _erda _dDLC |
||
| 042 |
_alccopycat _alcode |
||
| 043 | _aa------ | ||
| 050 | 0 | 0 |
_aNX280 _b.T77 2011 |
| 082 | 0 | 4 |
_a707.105 _bVAT/T |
| 100 |
_92798 _aVatsyayan, Kapila |
||
| 245 | 0 | 0 |
_aTransmissions and transformations : _blearning through the arts in Asia / _c Kapila Vatsyayan. |
| 264 | 1 |
_aDelhi : _bPrimus Books, _c2011. |
|
| 300 |
_a175 pages ; _c25 cm |
||
| 336 |
_atext _2rdacontent |
||
| 337 |
_aunmediated _2rdamedia |
||
| 338 |
_avolume _2rdacarrier |
||
| 500 | _a"India International Centre." | ||
| 504 | _aIncludes bibliographical references and index. | ||
| 520 | _aContributed articles presented at an international symposium, organized in collaboration with UNESCO Regional Office, Bangkok and the Center of International Arts Education, New York, held at New Delhi in 2005. | ||
| 650 | 0 |
_aCulture _xStudy and teaching _zAsia _vCongresses. |
|
| 700 | 1 | _aVatsyayan, Kapila. | |
| 710 | 2 | _aIndia International Centre. | |
| 906 |
_a7 _bcbc _ccopycat _d3 _encip _f20 _gy-gencatlg |
||
| 942 |
_2ddc _cBK _h707.105 _iVAT/T _k707.105 _mVAT/T |
||